000 01077nam a22002777i 4500
999 _c22695
_d22695
003 AR-CdUCM
008 230926b20212021pe ajo|| |||| 00| 0 spa d
020 _a978-612-4392-45-0
040 _aMUNICIPALIDAD PROVINCIAL DEL CUSCO
_cBIBLIOTECA MUNICIPAL DEL CUSCO
041 _hspa
082 _a985.611 / C9A
_bC9A
100 _aAlfaro Aucca, Crayla
_948880
245 _aPatrimonio y Hábitat en el Centro Histórico de Cusco :
_bUna experiencia de gestión en sitios patrimoniales /
260 _aCusco :
_bUniversidad Andina del Cusco,
_c2021.
300 _a131 páginas. :
_c24 cm.
500 _zBibliografía: páginas 127-131
505 _aPatrimonio de hábitat -- Cusco una ciudad estratificada -- Gestión y conservación del sitio patrimonial -- Patrimonio edificado.
650 _aPatrimonio - Cusco
_948881
650 _aGestión
_922604
650 _aConservación
_96143
650 _aUrbanismo inca
_948882
650 _aInstitucionalidad
_915334
856 _fhttps://orcid.org/0000-0001-6741-4169
942 _2ddc
_cLIBROS
945 _apebm
_d2023-09-26